Bevölkerungsreichste Länder - Sudden Death Weltkarte - Statistiken

Allgemein
  • Dieses Quiz wurde 389 mal gespielt
  • Das Durchschnittsergebnis liegt bei 19 aus 27
Answers on the Grid
Answers color-coded by a green-red scale on the quiz's grid according to % correct below.
 
Antwortstatistiken
Antwort % Korrekt
U.S.A., Mexiko
97%
Indien, China, Pakistan, Bangladesch, Russland
93%
Indien, China, Indonesien, Bangladesch
92%
China, Russland, Japan
89%
Brasilien
87%
U.S.A.
86%
Indien, Pakistan, Russland, Ägypten
84%
Brasilien
80%
Nigeria, Ägypten, DRK
79%
Brasilien, Mexiko
78%
Russland
78%
China, Russland
78%
Russland
77%
Ägypten
76%
China, Indonesien, Philippinen
75%
Indien, Pakistan, Äthiopien, Ägypten, DRK
72%
Russland
68%
Russland
65%
Inondesien
64%
DRK
62%
Mexiko
58%
Brasilien
55%
Indonesien
55%
Brasilien
53%
U.S.A.
48%
Russland
14%
U.S.A.
12%
Keine übereinstimmenden Quizze gefunden
Verteilung der Resultate
Anzahl Personen mit jedem Resultat
Perzentil nach korrekt beantworteten Fragen
Ihre Resultats-Entwicklung
Sie haben dieses Quiz noch nicht gespielt